00577nam a2200169Ia 4500952013000000999001700130003000400147005001700151008004100168040000900209082001800218100002400236245005600260260004000316300000900356942004200365 00102ddc40708HISTORYaMESbMEScHISd2019-02-20g2.00l0o956.04 JAP/Ap2845r2019-02-20 00:00:00w2019-02-20yBKzGL34R4 c18770d18770OSt20200708103249.0190216s9999||||xx |||||||||||||| ||und|| coclc a956.04bJAP/A aJapheth, M D 93649 4aThe Arab Israel Conflict /cM D Japheth ; P K Rajiv bPearl Publications,c1967.aBombay: a107p cBK2ddch956.04iJAP/Ak956.04mJAP/A